Dinastie europee - Stuart - Statistics

Statistiche generali
  • Questo quiz è stato fatto 35 volte
  • Il punteggio medio è 11 su 14
Statistiche sulle risposte
Titolo Anni Nome Eventuale epiteto % Corretto
1542-1567 Maria I
89%
1689-1694 Maria II
89%
1625-1649 Carlo I
86%
1660-1685 Carlo II
86%
1406-1437 Giacomo I
82%
Re d'Inghilterra, Scozia e Irlanda 1567-1625 Giacomo I
82%
1437-1460 Giacomo II Faccia di fuoco
82%
1685-1688 Giacomo II
82%
1460-1488 Giacomo III
82%
Re di Scozia 1488-1513 Giacomo IV
82%
1513-1542 Giacomo V
82%
Regina di Gran Bretagna e Irlanda 1702-1714 Anna
79%
Re degli Scozzesi 1371-1390 Roberto II Il Sovrintendente
43%
1390-1406 Roberto III Il Debole
43%
Nessun quiz corrispondente trovato
Distribuzione punteggi
Percentuale di utenti per punteggio
Percentile per numero di risposta
I tuoi punteggi nel tempo
Non hai fatto questo quiz